000 00736nam a2200265Ia 4500
005 20260302114705.0
008 008 260114s9999 xx 000 0 eng d
020 _a9798765105429
037 _aTextbook
040 _aCRL
040 _beng
040 _cCRL
041 _2eng
041 _aeng
084 _qCRL
100 _aChristopher Weinberger
_91119459
245 0 _aImaginary Worlds and Real Ethics in Japanese Fiction Case Studies in Novel Reflexivity
260 _bBloomsbury
260 _bBloomsbury Academic
260 _c2024
650 _aLiterary Studies
856 _uhttps://doi.org/10.5040/9798765105429?locatt=label:secondary_bloomsburyCollections
942 _cEBOOK
999 _c1683497
_d1683497